| 000 | 01814cam a22004814i 4500 | ||
|---|---|---|---|
| 003 | PE-LiUPU | ||
| 005 | 20250731173110.0 | ||
| 008 | 181213s2018 miua rb 001 0 eng d | ||
| 020 | _a9780801099748 | ||
| 020 | _a0801099749 | ||
| 035 | _a(Sirsi) a251052 | ||
| 040 |
_aPE-LiUPU _bspa _cPE-LiUPU _erda |
||
| 049 | _aPRUA | ||
| 082 | 0 | 4 |
_a251 _bC462c _223 |
| 100 | 1 |
_aChapell, Bryan, _eautor. |
|
| 245 | 1 | 0 |
_aChrist-centered preaching : _bredeeming the expository sermon / _cBryan Chapell. |
| 250 | _aThird edition. | ||
| 264 | 1 |
_aGrand Rapids, Michigan : _bBaker Academic, _c2018. |
|
| 300 |
_axxi, 421 páginas : _bilustraciones ; _c24 centímetros |
||
| 336 |
_atext _2rdacontent |
||
| 337 |
_aunmediated _2rdamedia |
||
| 338 |
_avolume _2rdacarrier |
||
| 504 | _aBibliografía : páginas 405-414. | ||
| 504 | _aÍndice : páginas 415-421. | ||
| 505 | 0 | _aPrinciples for Expository Preaching -- Word and Witness -- Obligations of the Sermon -- The Priority of the Text -- Components of Exposition -- Preparation of Expository Sermons -- The Process of Explanation -- Outlining and Structure -- The Pattern of Illustration -- The Practice of Application -- Introductions, Conclusions, and Transitions -- A Theology of Christ-Centered Messages -- A Redemptive Approach to Preaching -- Developing Redemptive Sermons. | |
| 526 | _aSEG42 | ||
| 526 | _aSEG41 | ||
| 526 | _aSEG40 | ||
| 526 | _aSEG39 | ||
| 526 | _aP94 | ||
| 526 | _aP87 | ||
| 526 | _aP86 | ||
| 526 | _aP85 | ||
| 526 | _aP77 | ||
| 526 | _aP76 | ||
| 526 | _aP35 | ||
| 650 | 0 | 4 |
_aBiblia _xuso homilético. |
| 650 | 0 | 4 | _aPredicación. |
| 910 | _adbm | ||
| 942 |
_2ddc _cBK _n0 |
||
| 999 |
_c30504 _d30504 |
||
| 980 |
_81 _gALBERTO SANCHEZ Responsable de Automatización |
||